00366nam a2200157Ia 4500003000400000005001700004008004100021040000700062041000800069082001500077100001500092245004100107260003700148300000900185650001400194OSt20250814101458.0250729s2005 xx 000 0 und d cAL aeng a370.1 PANP aChaube S P aHistory of problems indian education aAgrabVinod Piustak Mandirc2005 a332p aEducation